| 000 | 00408pab a2200157 454500 | ||
|---|---|---|---|
| 008 | 180718b1987 xxu||||| |||| 00| 0 eng d | ||
| 100 | _aMachowski, Heinrich | ||
| 245 | _aSoviet eocnomic policy in the Third World | ||
| 260 | _c1987 | ||
| 300 | _a225-47 | ||
| 362 | _aJuly-Sept. | ||
| 650 | _aU.S.S.R - Economic Policy | ||
| 700 | _aSiegfried, Schult | ||
| 773 | _aInternational Studies | ||
| 909 | _a20104 | ||
| 999 |
_c20104 _d20104 |
||